Les villes des provinces belges -> Namur - Map Quiz - Statistiques

Statistiques générales
  • Ce quiz a été pris 79 fois
  • Le résultat moyen est 8 sur 12
Réponses sur la Carte
Les réponses sont colorées sur une échelle allant du rouge au vert en fonction du pourcentage des utilisateurs qui les ont devinées à leur premier essai. Vous pouvez retrouver ces pourcentages ci-dessous.
 
Statistiques - réponses
Réponse % Correct
Namur
90%
Dinant
78%
Sambreville
76%
Couvin
72%
Rochefort
72%
Gembloux
70%
Ciney
68%
La Bruyère
64%
Walcourt
60%
Profondeville
58%
Yvoir
54%
Florennes
42%
Aucun quiz correspondant
Distribution des résultats
% des personnes avec chaque résultat
Percentile par nombre de réponses
Votre historique - résultats
Vous n’avez pas pris ce quiz